000 00687nam a2200181 a 4500
008 120416s1973 ||||||||||||||||| || u
050 _aHF 5415.135 Jol
100 _aJolson, Marvin A
245 1 0 _aQuantitative techniques for marketing decisions
260 _aNew York
_bMacmillan
_c1973
300 _axi, 215p. : ill.
350 _a0.00
650 _aMARKETING--DECISION MAKING
650 _aMARKETING--MATHEMATICAL MODELS
650 0 _aMARKETING--MANAGEMENT--CASE STUDIES
650 _aMARKETING--SIMULATION METHODS
995 _D0.00
_FCBU-MAIN LIBRARY (Kitwe)
_H1
_I0.00
_M1
_UAVAILABLE
_ZMain Library Open Access Collection
999 _c55468
_d55468